Statistiques concernant Mot mystérieux - Série 36

Cliquez ici pour prendre le quiz!

Statistiques générales

  • Ce quiz a été pris 72 fois
  • Le résultat moyen est 6 sur 10

Statistiques - réponses

IndicesMot% Correct
herbe - grain - épi - semouleblé
86%
maréchal - vieillesse - réglisse - bergerbâton
84%
terre - farine - soie - vasever
73%
alcool - lait - salade- camargueriz
62%
avocat - chaise - lit - prisonbarreau
59%
paradis - proie - appétit - moucheoiseau
46%
pleurer - sauter - fille - larmesjoie
44%
langue - soupe - ange - bataillecheveu
40%
bois - mine - terre - poussièrecharbon
32%
mer- toile - eau - soiraraignée
30%

Distribution des résultats

Percentile par nombre de réponses

% des personnes avec chaque résultat

Votre développement - résultats

Vous n’avez pas pris ce quiz